Detské centrum s pridruženou funkciou, Milano (Taliansko) - interiér

Guardado en:
Detalles Bibliográficos
Autor principal: Kováčová, Katarína (Autor)
Otros Autores: Hronský, Michal (Orientador)
Formato: Manuscrito Libro
Lenguaje:eslovaco
Publicado: Bratislava 2017
Materias:
Acceso en línea:http://is.stuba.sk/zp/portal_zp.pl?podrobnosti=128292
Etiquetas: Agregar Etiqueta
Sin Etiquetas, Sea el primero en etiquetar este registro!

MARC

LEADER 00000ntm a22000003a 4500
001 stuzp63625
003 SK-STU
005 20210215080743.2
007 ta
008 150427s2015----xo-----f-mn---000-0-slo-d
040 |a STU  |b slo 
041 0 |a slo 
100 1 |a Kováčová, Katarína  |u 055150  |4 aut  |U FAD Fakulta architektúry  |T FA Ústav interiéru a výstavníctva  |X 62009  |U A5150  |Y 396  |7 62009 
242 0 1 |a Children's center with associated function, Milan (Italy) - interior  |y eng 
245 1 0 |a Detské centrum s pridruženou funkciou, Milano (Taliansko) - interiér 
260 |c 2017  |a Bratislava 
650 4 |a škôlka  |2 slo 
650 4 |a umelecké centrum  |2 slo 
650 4 |a interiér  |2 slo 
650 4 |a kindergarten  |2 eng 
650 4 |a interior  |2 eng 
650 4 |a art center  |2 eng 
700 1 |a Hronský, Michal  |u 055150  |k Z1  |4 ths  |U FAD Fakulta architektúry  |T FA Ústav interiéru a výstavníctva  |X 404  |U A5150  |Y 396  |7 A000000404 
856 4 |u http://is.stuba.sk/zp/portal_zp.pl?podrobnosti=128292  |u https://opac.crzp.sk/?fn=detailBiblioForm&sid=E7FF18FD4FFD5019D8FCED3CC38C